000
00291as aa2200097a 44500
090
_a
SERIADAS
_b
00767
245
1
0
_a
Boletín SITEP
260
_b
Sistema de Información Técnico Estadístico de Plantaciones Forestales Industriales en Colombia
_a
Colombia
041
0
_a
Español
942
_c
REVISTA
999
_c
16764
_d
16764